Holiday Quiz

Random Holiday or Blitz Quiz

Religious Days Sorting Blitz Quiz Stats

 Plays Quiz Updated Jul 16, 2017

Support Sporcle.
Go Orange.
Score 0/36 Timer 01:30
0 Plays Today
% Correct
???
68%
???
58.7%
???
55.4%
???
47.4%
???
47.1%
???
44%
???
43.4%
???
43.4%
???
43.3%
???
43.1%
???
42%
???
41.4%
???
40.7%
???
40.6%
???
40.4%
???
39.3%
???
39.1%
???
39%
% Correct
???
38.6%
???
38.3%
???
34.1%
???
33%
???
32.7%
???
32.2%
???
31.9%
???
30.2%
???
30.1%
???
29.1%
???
29.1%
???
28.3%
???
27%
???
26.5%
???
25.6%
???
25.3%
???
24.1%
???
20.7%

You're not logged in!

Compare scores with friends on all Sporcle quizzes.
OR
Log In
Forgot?

From the Vault

Album Cover Close-Up

by babymonkee

A good quiz for short-sighted listeners.
Remove Ads.
Support Sporcle.
Get the best of Sporcle when you Go Orange. This ad-free experience offers more features, more stats, and more fun while also helping to support Sporcle. Thank you for becoming a member.

Show Comments

Extras

Top Quizzes Today


Score Distribution

Your Account Isn't Verified!

In order to create a playlist on Sporcle, you need to verify the email address you used during registration. Go to your Sporcle Settings to finish the process.

Report this User

Report this user for behavior that violates our Community Guidelines.

Details: